01113nam a2200289Ia 4500001001200000003000800012006001900020007001500039008004100054020002200095020002500117040002100142035002100163050002600184100001900210245008600229260003400315300002200349504005000371533015200421650004100573650002000614655002900634710001700663856012600680999001700806ebr10313157CaPaEBRm u cr cn|||||||||080522s2008 stka sb 001 0 eng d z1903765927 (pbk.) z9781903765920 (pbk.) aCaPaEBRcCaPaEBR a(OCoLC)54960162814aQE33.2.M3bY36 2008eb1 aYang, Xin-She.10aMathematical modelling for earth sciencesh[electronic resource] /cXin-She Yang. aEdinburgh :bDunedin,cc2008. ax, 310 p. :bill. aIncludes bibliography (p. 303-306) and index. aElectronic reproduction.bPalo Alto, Calif. :cebrary,d2009.nAvailable via World Wide Web.nAccess may be limited to ebrary affiliated libraries. 0aEarth sciencesxMathematical models. 0aEarth sciences. 7aElectronic books.2local2 aebrary, Inc.40uhttp://site.ebrary.com/lib/rucke/Doc?id=10313157zAn electronic book accessible through the World Wide Web; click to view c63445d63445